Group Theory - Modulo 11 Multiplication Grid - Statistics

General Stats
  • This quiz has been taken 17 times
  • The average score is 67 of 100
Answer Stats
Hint Answer % Correct
1 1
100%
1
100%
10 10
100%
10
100%
2 2
100%
2
100%
3 3
100%
4 4
100%
4
100%
5 5
100%
6 6
100%
6
100%
7 7
100%
8 8
100%
8
100%
9 9
100%
1
90%
3
90%
6
90%
9
90%
1
80%
1
80%
10
80%
10
80%
10
80%
2
80%
2
80%
2
80%
3
80%
3
80%
3
80%
4
80%
4
80%
4
80%
5
80%
5
80%
5
80%
5
80%
6
80%
6
80%
7
80%
7
80%
7
80%
7
80%
8
80%
8
80%
8
80%
9
80%
9
80%
1
70%
10
70%
10
70%
2
70%
3
70%
3
70%
4
70%
5
70%
6
70%
7
70%
7
70%
8
70%
9
70%
9
70%
10
60%
8
60%
9
60%
1
50%
6
50%
1
40%
10
40%
2
40%
2
40%
2
40%
3
40%
3
40%
4
40%
5
40%
5
40%
5
40%
7
40%
7
40%
9
40%
9
40%
1
30%
1
30%
10
30%
2
30%
3
30%
4
30%
4
30%
4
30%
5
30%
6
30%
6
30%
6
30%
7
30%
8
30%
8
30%
8
30%
9
30%
No matching quizzes found
Score Distribution
Percent of People with Each Score
Percentile by Number Answered
Your Score History
You have not taken this quiz